000
00346nam a2200145 a 4500
001
2712
005
20140414131847.0
008
050927s19uu xx 00 eng d
020
_a
0-671-10039-4
050
_a
M 398.2
_b
G57 1988
245
_a
The golden goose.
260
_a
New York :
_b
Exeter Books.
300
_a
22 p. ; cm.
999
_c
110005
_d
110005